00258nam a2200097Ia 4500008004000000082001600040100001800056245002800074260005000102300000800152210210b1972 xxu||||| |||| 00| 0 eng d a025.42 PARL aPARKHI (R S). aLibrary Classification. aDelhibVikas Publishing House Pvt. Ltd.c1972 a222